| 000 | 00852nas a2200265 4500 | ||
|---|---|---|---|
| 001 | BR2015006348 | ||
| 003 | BR-BrBNA | ||
| 005 | 20231205125852.0 | ||
| 007 | ta | ||
| 008 | 230509b bl.|||p| |||| 00| 00por d | ||
| 040 |
_aBR-BrBNA _bpor _cBiblioteca Nacional de Agricultura |
||
| 041 | _a(Pt) | ||
| 072 | _aQ03 | ||
| 100 | 1 | _aCavalcante, D.A. | |
| 100 | 1 | _aLeite Júnior, B.R. de C. | |
| 100 | 1 | _aTribst, A.A.L. | |
| 100 | 1 | _aCristianini, M. | |
| 245 | 1 | _aInativação de Escherichia coli 0157:H7 e Bacillus subtilis por água ozonizada | |
| 650 | _aOZÔNIO | ||
| 650 | _aQUALIDADE DA ÁGUA | ||
| 650 | _aBACTÉRIA | ||
| 773 | 0 |
_tBoletim do Centro de Pesquisa e Processamento de Alimentos (Brazil) _xISSN 0102-0323 _g(Jan-Jun 2014), v. 32(1) p. 105-112 _wBR2015006348 |
|
| 909 |
_a202311 _bLúcia _c55 _dLúcia Elande |
||
| 942 |
_2AGRIS _n0 _cANA |
||
| 999 |
_c246610 _d246610 |
||